000 02258cam a2200361 4500500
005 20260201084325.0
041 _afre
042 _adc
100 1 0 _aRondal, Jean-Adolphe
_eauthor
245 0 0 _aUn futur paradoxal pour la trisomie 21
260 _c2026.
500 _a97
520 _aParadoxalement, c’est au moment où les interruptions médicales de grossesse dans les cas de trisomie 21 augmentent notablement en Europe que des avancées remarquables se font jour vers une thérapie partielle de la condition. L’article analyse les progrès dans les domaines de l’épigénétique et de la pharmacothérapie cognitive à ce point de vue, tout en rappelant les interventions neuropsychologiques déjà existantes visant à améliorer le développement cognitif des enfants porteurs d’une T21. On peut penser que ces interventions pourront voir leur efficience accrue sur la base des futures améliorations biologiques.
520 _aParadoxically, at a time when medical terminations of pregnancy in cases of Down syndrome (DS) are on the rise, remarkable advances toward a partial cure of the condition are being made. The article analyzes major progress in epigenetics and cognitive pharmacotherapy in this context. It also notes that neuropsychological strategies are already available to improve the cognitive development of children with DS. They are likely to be enhanced through future biological advances.
690 _acorrection chromosomique
690 _aépigénétique
690 _ainterruption médicale de grossesse
690 _aintervention neuropsychologique
690 _apharmacothérapie cognitive
690 _arégulation génique
690 _asyndrome de Down
690 _atrisomie 21
690 _achromosome correction
690 _acognitive pharmacotherapy
690 _aDown syndrome
690 _aepigenetics
690 _agene regulation
690 _amedical termination of pregnancy
690 _aneuropsychological intervention
690 _atrisomy 21
786 0 _nRevue de neuropsychologie | Volume 17 | 4 | 2026-01-30 | p. 237-245 | 2101-6739
856 4 1 _uhttps://stm.cairn.info/revue-revue-de-neuropsychologie-2025-4-page-237?lang=fr&redirect-ssocas=7080
999 _c1640405
_d1640405